Mathematics for elementary school, 2nd grade

Uloženo v:
Podrobná bibliografie
Hlavní autor: Okada, Shigeru (Autor)
Médium: Kniha
Jazyk:angličtina
Vydáno: Tokio Gakkoh Tosho 2000
Edice:Study With Your Friends
Témata:
Tagy: Přidat tag
Žádné tagy, Buďte první, kdo vytvoří štítek k tomuto záznamu!

MARC

LEADER 00000nam a2200000 a 4500
001 UCI1340
003 CL-VaPUC
008 070629e20000000JA |||||||||||||||||eng|d
020 |a 4762509159 
082 0 4 |a 372.72  |b OKA  |2 21 
100 |a Okada, Shigeru  |e author  |9 521790 
245 1 0 |a Mathematics for elementary school, 2nd grade 
300 |a 2 v 
942 |c BK 
945 |d 20070629 00:00:00  |a rbrito 
260 |a Tokio  |b Gakkoh Tosho  |c 2000 
650 0 |a Matemáticas  |x Enseñanza  |9 875527 
650 0 |a Educación básica   |9 224933 
583 |a last modification  |c 20070629 00:00:00  |k Rodrigo Vera 
490 0 |a Study With Your Friends 
999 |c 326169  |d 326167 
952 |0 0  |1 0  |4 0  |6 372_720000000000000_OKA_2000  |7 0  |8 A  |9 407926  |a BIBMAT  |b BIBMAT  |c E_DIDACT  |d 2019-11-22  |h v.1  |i 427654K  |o 372.72 OKA 2000  |p 427654K  |r 2025-01-07  |w 2019-11-22  |y BK  |k MAT 
952 |0 0  |1 0  |4 0  |6 372_720000000000000_OKA_2000  |7 0  |8 A  |9 407927  |a BIBMAT  |b BIBMAT  |c E_DIDACT  |d 2019-11-22  |h v.2  |i 4276558  |o 372.72 OKA 2000  |p 4276558  |r 2025-01-07  |w 2019-11-22  |y BK  |k MAT